Time-Driven Activity Based Costing - A new Paradigm in Cost Management

Guardado en:
Detalles Bibliográficos
Autor principal: Bruggeman, Werner
Otros Autores: Moreels, Kris
Formato: Capítulo de libro
Lenguaje:inglés
Materias:
Etiquetas: Agregar Etiqueta
Sin Etiquetas, Sea el primero en etiquetar este registro!

MARC

LEADER 00000naa$a2200000$$$4500
001 0037005
005 20230509082252.4
041 0 |a eng 
044 |a CZ 
245 1 0 |a Time-Driven Activity Based Costing - A new Paradigm in Cost Management  |c Werner Bruggeman, Kris Moreels 
610 2 0 |a náklady 
610 2 0 |a systém riadenia nákladov 
610 2 0 |a analýza nákladov 
610 2 0 |a zákazníci 
610 2 0 |a manažment 
610 2 0 |a služby donáškové 
610 2 0 |a náklady dopravné 
610 2 0 |a metóda ABC 
100 1 |a Bruggeman, Werner 
700 1 |a Moreels, Kris